Percy Jackson- Greek and Roman gods - Statistics

General Stats
  • This quiz has been taken 1,437 times
  • The average score is 12 of 15
Answer Stats
Hint Answer % Correct
The weapon of this god is a lightning bolt Zeus
97%
No one cannot beat her in looks Aphrodite
95%
Loves another person more than her husband(That person's name is...) Aphrodite
95%
Never bet on anything with this intelligent goddess Athena
95%
Creator of horses Poseidon
95%
You'll love this god's poetry Apollo
94%
A rainbow Iris
87%
This mother's child was thrown from the top of a mountain cause he was ugly Hera
86%
Father of the creator of Argo-2(greek form) Hephaestus
78%
The greek and the roman form always quarrell(Greek form) Ares
76%
House of ----- (Roman form) Pluto
76%
Sacred animal of this godess is a cow (Roman form) Juno
69%
Seek revenge on your enemies!!NOW!! Nemesis
68%
Please take care of this god!!We are degrading him!!He is almost dead!! Pan
48%
Was not given much importance in Roman myth(God and Goddess) Neptune and Minerva
5%
No matching quizzes found
Score Distribution
Percent of People with Each Score
Percentile by Number Answered
Your Score History
You have not taken this quiz